[Event "10th Sharjah Cup Women 2020"]
[Site "Sharjah"]
[Date "2020.01.07"]
[Round "4.9"]
[White "Abdulla, Khayala"]
[Black "Pujari, Rucha"]
[Result "1-0"]
[WhiteElo "2275"]
[BlackElo "2187"]
[Annotator "ChessBase"]
[PlyCount "81"]
[EventDate "2020.01.04"]
[EventType "swiss"]
[EventCountry "UAE"]
[SourceTitle "playchess.com"]
[Source "ChessBase"]
[SourceQuality "1"]
[TimeControl "5400+30"]

1. e4 {[%emt 0:02:29]} e5 {[%emt 0:00:48]} 2. Nf3 {[%emt 0:00:07]} Nf6 {[%emt 0:00:13]} 3. Nxe5 {[%emt 0:00:21]} d6 {[%emt 0:00:05]} 4. Nf3 {[%emt 0:00:09]} Nxe4 {[%emt 0:00:04]} 5. d4 {[%emt 0:01:03]} d5 {[%emt 0:00:03]} 6. Bd3 {[%emt 0:00:33]} Bd6 {[%emt 0:00:02]} 7. O-O {[%emt 0:01:47]} O-O {[%emt 0:00:08]} 8. c4 {[%emt 0:02:30]} c6 {[%emt 0:04:45]} 9. Nc3 {[%emt 0:06:32]} Nxc3 {[%emt 0:01:29]} 10. bxc3 {[%emt 0:00:01]} dxc4 {[%emt 0:00:12]} 11. Bxc4 {[%emt 0:00:04]} h6 {[%emt 0:00:12]} 12. Re1 {[%emt 0:06:35]} Nd7 {[%emt 0:09:27]} 13. Qd3 {[%emt 0:02:49]} b5 {[%emt 0:06:12]} 14. Qg6 {[%emt 0:11:56]} Qf6 {[%emt 0:05:30]} 15. Qxf6 {[%emt 0:03:33]} Nxf6 {[%emt 0:00:04]} 16. Bd3 {[%emt 0:01:38]} Be6 {[%emt 0:03:01]} 17. Ne5 {[%emt 0:05:22]} Bd5 {[%emt 0:07:38]} 18. a4 {[%emt 0:08:53]} Rfb8 {[%emt 0:10:35]} 19. axb5 {[%emt 0:05:28]} cxb5 {[%emt 0:08:56]} 20. Ra6 {[%emt 0:00:46]} Ne8 {[%emt 0:11:14]} 21. Nd7 {[%emt 0:18:43]} Rb7 {[%emt 0:08:05]} 22. Nc5 {[%emt 0:02:58]} Re7 {[%emt 0:11:45]} 23. Rxe7 {[%emt 0:02:54]} Bxe7 {[%emt 0:00:01]} 24. Bf4 {[%emt 0:03:05]} Bxc5 {[%emt 0:00:48]} 25. dxc5 {[%emt 0:00:02]} Bb7 {[%emt 0:00:02]} 26. Ra1 {[%emt 0:06:59]} a6 {[%emt 0:00:52]} 27. f3 {[%emt 0:01:12]} Nf6 {[%emt 0:06:06]} 28. Bd6 {[%emt 0:03:57]} Nd7 {[%emt 0:04:23]} 29. Re1 {[%emt 0:00:38]} Bc6 {[%emt 0:01:06]} 30. Bf5 {[%emt 0:01:12]} a5 {[%emt 0:00:19]} 31. c4 {[%emt 0:00:40]} b4 {[%emt 0:00:35]} 32. Re7 {[%emt 0:00:19]} a4 {[%emt 0:00:45]} 33. Bxd7 {[%emt 0:00:07]} Bxd7 {[%emt 0:00:31]} 34. Rxd7 {[%emt 0:00:03]} f6 {[%emt 0:00:31]} 35. c6 {[%emt 0:00:23]} b3 {[%emt 0:00:30]} 36. Ba3 {[%emt 0:00:24]} Kh7 {[%emt 0:00:30]} 37. c7 {[%emt 0:00:12]} Rc8 {[%emt 0:00:23]} 38. Kf2 {[%emt 0:00:12]} Kg6 {[%emt 0:00:01]} 39. Ke3 {[%emt 0:00:23]} Kf5 {[%emt 0:00:32]} 40. g4+ {[%emt 0:00:24]} Kg6 {[%emt 0:00:10]} 41. Kd4 {[%emt 0:00:32]} 1-0

[Event "10th Sharjah Cup Women 2020"]
[Site "Sharjah"]
[Date "2020.01.07"]
[Round "4.10"]
[White "Heinemann, Josefine"]
[Black "Soyunlu, Narmin"]
[Result "1-0"]
[WhiteElo "2317"]
[BlackElo "2020"]
[Annotator "TA"]
[PlyCount "75"]
[EventDate "2020.01.04"]
[EventType "swiss"]
[EventCountry "UAE"]
[SourceTitle "playchess.com"]
[Source "ChessBase"]
[SourceQuality "1"]

{[%evp 19,75,6,14,-35,0,-39,0,0,0,-19,-16,-59,6,-22,0,0,8,-34,-23,-17,54,59,70,64,157,160,162,157,163,138,202,167,385,377,472,443,520,526,519,511,508,507,480,355,394,394,427,425,929,947,1577,1573,2661,2530,29988,29989,29967,3441]} 1. e4 e5 2. Nf3 Nc6 3. Bb5 a6 4. Ba4 Nf6 5. O-O b5 6. Bb3 Bb7 7. Re1 Bc5 8. c3 d6 9. a4 O-O 10. d4 Bb6 11. Bc2 {C78: Ruy Lopez: Archangelsk and Möller Defences} (11. h3 h6 12. Be3 exd4 13. cxd4 Na5 14. d5 c6 15. dxc6 Bxc6 16. axb5 axb5 17. Bxb6 Qxb6 18. Bc2 Nc4 19. Rxa8 Bxa8 {½-½ (27) Abdusattorov,N (2608)-Matlakov,M (2716) Khanty-Mansiysk 2019}) 11... h6 12. h3 Re8 13. d5 {The position is equal.} Ne7 14. b3 Ng6 15. Bd3 $146 ({Predecessor:} 15. Nbd2 Rc8 16. c4 c6 17. Nf1 Qc7 18. Bd3 cxd5 19. cxd5 Bxd5 20. exd5 {1-0 (34) Vasilyev,A (1899)-Yurasova,D (1757) St Petersburg 2016}) 15... Qd7 (15... c6 $15 16. c4 Ba5) 16. a5 Ba7 17. c4 c6 {[%cal Rc6d5]} 18. dxc6 Bxc6 19. Nc3 Rab8 (19... Bc5 $11) 20. cxb5 $14 axb5 21. b4 Nf4 ({Black should try} 21... Qb7 $14) 22. Bxf4 $1 $16 exf4 23. Qd2 g5 24. Rad1 Kg7 (24... Qb7 $16 25. Bb1 Rbd8) 25. Bb1 g4 $2 (25... Rbd8 26. Nd5 Bxd5 27. exd5 Rxe1+ 28. Rxe1 Re8) 26. Qxf4 $18 gxf3 27. Rxd6 {[%mdl 64] [#] Double Attack} Bxf2+ 28. Kxf2 Qa7+ 29. Kxf3 Re6 30. Rxe6 fxe6 31. Qe3 Qf7 {Threatens to win with ...Nd5+.} 32. Kg3 Qg6+ 33. Kh2 Qh5 (33... Rg8 $142 34. g4 Nd7) 34. Qg3+ {[%mdl 64] [#] Double Attack} Qg5 35. Qxb8 Ng4+ 36. Kg1 Qh4 37. Rf1 Nf6 38. Qe5 {Accuracy: White = 49%, Black = 21%.} 1-0

[Event "10th Sharjah Cup Women 2020"]
[Site "Sharjah"]
[Date "2020.01.07"]
[Round "4.11"]
[White "Nguyen, Thi Mai Hung"]
[Black "Al-Fayyadh, Zainab Asif Abdulah"]
[Result "1-0"]
[WhiteElo "2254"]
[BlackElo "1646"]
[Annotator "ChessBase"]
[PlyCount "67"]
[EventDate "2020.01.04"]
[EventType "swiss"]
[EventCountry "UAE"]
[SourceTitle "playchess.com"]
[Source "ChessBase"]
[SourceQuality "1"]
[TimeControl "5400+30"]

1. d4 {[%emt 0:00:00]} Nf6 {[%emt 0:00:00]} 2. c4 {[%emt 0:00:00]} e6 {[%emt 0:00:00]} 3. g3 {[%emt 0:00:00]} d5 {[%emt 0:00:08]} 4. Nf3 {[%emt 0:00:10]} Be7 {[%emt 0:00:21]} 5. Bg2 {[%emt 0:00:05]} O-O {[%emt 0:00:27]} 6. O-O {[%emt 0:00:31]} c6 {[%emt 0:01:30]} 7. b3 {[%emt 0:07:18]} Nbd7 {[%emt 0:01:09]} 8. Bb2 {[%emt 0:00:51]} Ne4 {[%emt 0:02:55]} 9. Qc2 {[%emt 0:06:25]} f5 {[%emt 0:02:33]} 10. Ne1 {[%emt 0:02:11]} Ndf6 {[%emt 0:02:29]} 11. Nd3 {[%emt 0:04:25]} Bd6 {[%emt 0:04:51]} 12. Qc1 {[%emt 0:18:12]} h6 {[%emt 0:01:40]} 13. f3 {[%emt 0:03:33]} Ng5 {[%emt 0:01:34]} 14. Nc3 {[%emt 0:00:22]} Qe8 {[%emt 0:07:56]} 15. Ba3 {[%emt 0:00:31]} Nf7 {[%emt 0:03:08]} 16. e4 {[%emt 0:05:35]} Bxa3 {[%emt 0:10:06]} 17. Qxa3 {[%emt 0:00:31]} e5 {[%emt 0:00:32]} 18. exd5 {[%emt 0:03:06]} exd4 {[%emt 0:01:03]} 19. Rfe1 {[%emt 0:01:11]} Qd8 {[%emt 0:00:58]} 20. Ne2 {[%emt 0:00:41]} cxd5 {[%emt 0:02:36]} 21. c5 {[%emt 0:00:25]} Qc7 {[%emt 0:08:40]} 22. Nxd4 {[%emt 0:00:55]} Nd8 {[%emt 0:00:33]} 23. Rad1 {[%emt 0:06:58]} Nc6 {[%emt 0:01:45]} 24. Nb5 {[%emt 0:00:59]} Qf7 {[%emt 0:02:22]} 25. Nf4 {[%emt 0:02:24]} Kh7 {[%emt 0:20:22]} 26. Nd6 {[%emt 0:06:56]} Qc7 {[%emt 0:01:04]} 27. Bh3 {[%emt 0:05:10]} g5 {[%emt 0:01:02]} 28. Nxd5 {[%emt 0:01:02]} Nxd5 {[%emt 0:00:59]} 29. Rxd5 {[%emt 0:00:06]} g4 {[%emt 0:00:41]} 30. fxg4 {[%emt 0:00:29]} fxg4 {[%emt 0:00:31]} 31. Bg2 {[%emt 0:00:04]} Qg7 {[%emt 0:01:45]} 32. Qc1 {[%emt 0:01:06]} Nd4 {[%emt 0:03:26]} 33. Rde5 {[%emt 0:12:07]} Nc6 {[%emt 0:03:45]} 34. Bxc6 {[%emt 0:00:15]} 1-0

[Event "10th Sharjah Cup Women 2020"]
[Site "Sharjah"]
[Date "2020.01.07"]
[Round "4.12"]
[White "Al-Shamsi, Ousha"]
[Black "Smirnova, Ekaterina"]
[Result "0-1"]
[WhiteElo "1484"]
[BlackElo "2249"]
[Annotator "TA"]
[PlyCount "58"]
[EventDate "2020.01.04"]
[EventType "swiss"]
[EventCountry "UAE"]
[SourceTitle "playchess.com"]
[Source "ChessBase"]
[SourceQuality "1"]

{[%evp 23,58,0,41,0,2,0,0,-14,0,0,0,0,8,0,1,0,27,25,23,-159,-159,-322,-322,-336,-331,-319,-312,-301,-297,-426,-421,-421,-389,-401,-398,-609,-598]} 1. e4 e6 2. d4 d5 3. Nd2 c5 4. exd5 Qxd5 5. Ngf3 cxd4 6. Bc4 Qd6 7. O-O Nf6 8. Nb3 Nc6 9. Nbxd4 Nxd4 10. Nxd4 a6 11. c3 Qc7 12. Qe2 Bd7 13. a4 {C07: French Tarrasch: 3...c5, 4 Ngf3 and 4 exd5 Qxd5} (13. g3 {seems wilder.} Rc8 14. Bb3 Be7 15. Bf4 Qc5 16. Be5) (13. g3 Bd6 14. Nf5 O-O 15. Nxd6 Qxd6 16. Rd1 Qc6 17. Bg5 Nd5 18. Rd4 h6 19. Bxh6 gxh6 20. Qh5 Ne7 21. Qxh6 {1-0 (35) Socko,B (2636)-Naumkin,I (2443) Moscow 2012}) 13... Bd6 14. h3 O-O 15. Bd3 $146 {The position is equal.} ({Predecessor:} 15. Bg5 Bh2+ 16. Kh1 Bf4 17. Bh4 Rfe8 18. Bb3 Nd5 19. Qf3 Ne7 20. Bg3 Ng6 {1-0 (38) Tristan,L (2463)-Airando,M (2195) Buenos Aires 2011}) 15... Bh2+ 16. Kh1 Bf4 17. Bxf4 Qxf4 18. Rfe1 Rfd8 19. Bc2 e5 20. Nf3 e4 21. Bxe4 $2 ({White should try} 21. Nd4 $11) 21... Re8 $36 {[%cal Re8e4][%mdl 2048] Black is really pushing.} 22. Nd2 $2 (22. Ne5 $17 Rxe5 23. Bxh7+ $1 {[%mdl 512]} Kxh7 24. Qxe5 Qxf2 25. Qe3) 22... Nxe4 $19 23. Nxe4 Bc6 24. f3 {[#]} f5 $1 25. Qd2 Rxe4 $1 26. Qc2 (26. Qxf4 {was called for.} Rxf4 27. b3) 26... Rxe1+ 27. Rxe1 Rd8 28. Qb3+ Kh8 {aiming for ...Bxf3!} 29. Qf7 (29. Rd1 $142 Re8 30. c4) 29... h6 {Accuracy: White = 27%, Black = 80%.} 0-1

[Event "10th Sharjah Cup Women 2020"]
[Site "Sharjah"]
[Date "2020.01.07"]
[Round "4.13"]
[White "Bykova, Anastasia"]
[Black "Yasmin, Ali"]
[Result "1-0"]
[WhiteElo "2247"]
[BlackElo "1527"]
[Annotator "TA"]
[PlyCount "73"]
[EventDate "2020.01.04"]
[EventType "swiss"]
[EventCountry "UAE"]
[SourceTitle "playchess.com"]
[Source "ChessBase"]
[SourceQuality "1"]

{[%evp 23,73,7,16,11,85,0,27,6,13,13,55,16,47,24,52,0,0,0,15,0,6,-5,52,0,0,-7,0,0,2,0,6,0,45,41,65,62,116,132,173,166,240,205,223,150,29994,29995,29995,29996,29996,5439,29997,29998]} 1. d4 d5 2. c4 dxc4 3. Nf3 Nf6 4. e3 e6 5. Bxc4 c5 6. O-O a6 7. a4 Nc6 8. Qe2 cxd4 9. Rd1 Be7 10. exd4 O-O 11. Bg5 Nb4 12. Nc3 Re8 13. Ne5 {D27: Queen's Gambit Accepted: Classical main line: 7 e4!? and 7 a4} Nbd5 (13... Nfd5 $11 {keeps the balance.} 14. Bxe7 Rxe7) (13... Nfd5 14. Bxe7 Qxe7 15. a5 b5 16. axb6 Nxb6 17. Na4 Nxa4 18. Rxa4 Bb7 19. Qd2 a5 20. Ra3 Rec8 {½-½ (39) Indjic,A (2494)-Mista,A (2543) Vrnjacka Banja 2012}) 14. Nxd5 $146 (14. Rd3 $16) ({Predecessor:} 14. Qf3 Rf8 15. Bh4 Nxc3 16. bxc3 Nd7 17. Nxd7 Qxd7 18. Bg3 Bd6 19. Bd3 Bxg3 20. hxg3 g6 21. g4 {1-0 (37) Rajesh,V (2406)-Sorensen,H (2289) Lisbon 2019}) 14... Nxd5 (14... exd5 {keeps more tension.} 15. Bd3 Be6 16. a5 Rc8 17. Re1 h6) 15. Bxe7 {White has an edge.} (15. Bd2 {is interesting.} f6 16. Nd3 Bd6 17. Qh5 b6 18. a5) 15... Qxe7 16. Qf3 Nf6 17. a5 Rd8 18. g4 Ne8 19. Bd3 (19. Bb3 $14) 19... Nd6 $11 20. Qh3 h6 21. Bc2 Bd7 $1 22. Qd3 $40 {[%mdl 128] [#] White threatens Qh7+ and mate. Black needs to defend precisely.} f5 (22... g6 $1 $11) 23. Nxd7 (23. Bb3 $14) 23... Rxd7 24. Bb3 {gxf5 is the strong threat.} Kh8 25. Qe3 Ne4 26. f3 Ng5 27. Kg2 f4 28. Qe5 Qb4 29. Rd3 Rc8 (29... Rad8 $14) 30. h4 $16 Nf7 31. Qxe6 Rdc7 (31... Qd6 $142 32. Re1 Qxe6 33. Rxe6 Nd6) 32. Re1 Nd6 33. h5 {Strongly threatening Rc3.} Re8 $2 {[#]} (33... Rc2+ $16 34. Kh3 (34. Bxc2 Rxc2+ 35. Kh3 Nf7 $11) 34... R2c6) 34. Qxe8+ $1 Nxe8 35. Rxe8+ Kh7 36. Bg8+ Kh8 37. Bf7+ {Accuracy: White = 55%, Black = 27%.} 1-0

[Event "10th Sharjah Cup Women 2020"]
[Site "Sharjah"]
[Date "2020.01.07"]
[Round "4.14"]
[White "Al Ali, Aisha Saif"]
[Black "Suleimanova, Ava"]
[Result "0-1"]
[WhiteElo "1499"]
[BlackElo "2213"]
[Annotator "ChessBase"]
[PlyCount "140"]
[EventDate "2020.01.04"]
[EventType "swiss"]
[EventCountry "UAE"]
[SourceTitle "playchess.com"]
[Source "ChessBase"]
[SourceQuality "1"]
[TimeControl "5400+30"]

1. e4 {[%emt 0:00:36]} c5 {[%emt 0:00:00]} 2. Nf3 {[%emt 0:00:23]} Nc6 {[%emt 0:00:00]} 3. d4 {[%emt 0:00:13]} cxd4 {[%emt 0:00:00]} 4. Nxd4 {[%emt 0:00:14]} e5 {[%emt 0:00:07]} 5. Nb3 {[%emt 0:04:29]} d6 {[%emt 0:00:46]} 6. Nc3 {[%emt 0:01:09]} f5 {[%emt 0:00:19]} 7. Bc4 {[%emt 0:05:42]} Nf6 {[%emt 0:00:21]} 8. Bg5 {[%emt 0:01:33]} Be7 {[%emt 0:02:58]} 9. Bxf6 {[%emt 0:03:52]} Bxf6 {[%emt 0:00:07]} 10. Qd5 {[%emt 0:00:31]} Rf8 {[%emt 0:10:42]} 11. O-O-O {[%emt 0:08:36]} Be7 {[%emt 0:00:34]} 12. exf5 {[%emt 0:11:11]} Bxf5 {[%emt 0:00:58]} 13. a3 {[%emt 0:02:47]} a6 {[%emt 0:00:47]} 14. Rhe1 {[%emt 0:02:30]} Rc8 {[%emt 0:03:28]} 15. Bd3 {[%emt 0:26:18]} g6 {[%emt 0:08:51]} 16. f3 {[%emt 0:09:07]} Bd7 {[%emt 0:06:42]} 17. Ne4 {[%emt 0:02:14]} Qc7 {[%emt 0:00:18]} 18. Kb1 {[%emt 0:00:47]} Nd8 {[%emt 0:00:40]} 19. Qa5 {[%emt 0:05:01]} Be6 {[%emt 0:04:14]} 20. Qxc7 {[%emt 0:01:14]} Rxc7 {[%emt 0:00:09]} 21. Bf1 {[%emt 0:00:12]} d5 {[%emt 0:05:51]} 22. Nf2 {[%emt 0:00:41]} Bd6 {[%emt 0:06:54]} 23. Nd3 {[%emt 0:01:49]} Nf7 {[%emt 0:00:26]} 24. Nf4 {[%emt 0:01:24]} exf4 {[%emt 0:04:43]} 25. Rxe6+ {[%emt 0:00:03]} Kd7 {[%emt 0:00:08]} 26. Re2 {[%emt 0:00:58]} Ne5 {[%emt 0:01:32]} 27. Red2 {[%emt 0:02:24]} Rf6 {[%emt 0:02:20]} 28. Rxd5 {[%emt 0:00:10]} Ke7 {[%emt 0:00:08]} 29. Nd2 {[%emt 0:00:56]} Re6 {[%emt 0:02:36]} 30. Ne4 {[%emt 0:00:18]} Nf7 {[%emt 0:00:05]} 31. g3 {[%emt 0:00:38]} Be5 {[%emt 0:01:31]} 32. gxf4 {[%emt 0:00:51]} Bxf4 {[%emt 0:00:45]} 33. Bh3 {[%emt 0:00:07]} Rb6 {[%emt 0:01:03]} 34. Rd7+ {[%emt 0:01:06]} Rxd7 {[%emt 0:00:41]} 35. Rxd7+ {[%emt 0:00:09]} Ke8 {[%emt 0:00:06]} 36. Nc3 {[%emt 0:01:33]} Be5 {[%emt 0:02:41]} 37. Re7+ {[%emt 0:01:20]} Kf8 {[%emt 0:02:11]} 38. Re6 {[%emt 0:00:01]} Rxe6 {[%emt 0:01:46]} 39. Bxe6 {[%emt 0:00:02]} Bxh2 {[%emt 0:00:13]} 40. Bc8 {[%emt 0:00:20]} Nd6 {[%emt 0:00:08]} 41. Be6 {[%emt 0:00:33]} Ke7 {[%emt 0:02:24]} 42. Bd5 {[%emt 0:00:16]} b6 {[%emt 0:00:10]} 43. b4 {[%emt 0:01:25]} h5 {[%emt 0:00:32]} 44. Ne2 {[%emt 0:00:31]} g5 {[%emt 0:00:29]} 45. c4 {[%emt 0:00:36]} h4 {[%emt 0:01:09]} 46. c5 {[%emt 0:02:31]} bxc5 {[%emt 0:00:08]} 47. bxc5 {[%emt 0:00:04]} Nb5 {[%emt 0:00:11]} 48. a4 {[%emt 0:00:19]} Nc7 {[%emt 0:00:05]} 49. Be4 {[%emt 0:00:21]} Kf6 {[%emt 0:00:33]} 50. Nc3 {[%emt 0:00:58]} h3 {[%emt 0:00:29]} 51. Bb7 {[%emt 0:01:19]} Bg1 {[%emt 0:01:29]} 52. Ne4+ {[%emt 0:00:28]} Kg6 {[%emt 0:01:05]} 53. c6 {[%emt 0:00:50]} h2 {[%emt 0:04:19]} 54. Ng3 {[%emt 0:00:06]} Kf6 {[%emt 0:00:36]} 55. Kc2 {[%emt 0:00:35]} Ke5 {[%emt 0:00:08]} 56. Kd3 {[%emt 0:01:22]} Kf4 {[%emt 0:00:16]} 57. Nh1 {[%emt 0:00:04]} Kxf3 {[%emt 0:00:15]} 58. Bc8 {[%emt 0:00:47]} g4 {[%emt 0:03:55]} 59. Bf5 {[%emt 0:00:10]} Bb6 {[%emt 0:00:26]} 60. Be4+ {[%emt 0:00:21]} Kf4 {[%emt 0:00:09]} 61. Bg2 {[%emt 0:00:22]} Ne6 {[%emt 0:01:42]} 62. Kc4 {[%emt 0:00:42]} Ke5 {[%emt 0:00:10]} 63. Kb4 {[%emt 0:00:31]} Kd6 {[%emt 0:01:00]} 64. a5 {[%emt 0:00:33]} Bc5+ {[%emt 0:00:28]} 65. Kc4 {[%emt 0:00:02]} Ba7 {[%emt 0:02:32]} 66. Ng3 {[%emt 0:00:49]} Ke5 {[%emt 0:03:49]} 67. Bh1 {[%emt 0:00:30]} Bf2 {[%emt 0:01:23]} 68. Nh5 {[%emt 0:01:00]} Be1 {[%emt 0:00:28]} 69. Ng7 {[%emt 0:00:48]} Nxg7 {[%emt 0:00:32]} 70. c7 {[%emt 0:00:08]} Ne8 {[%emt 0:00:07]} 0-1

[Event "10th Sharjah Cup Women 2020"]
[Site "Sharjah"]
[Date "2020.01.07"]
[Round "4.15"]
[White "Drljevic, Ljilja"]
[Black "Rayan, Mohammad Ali Hassan"]
[Result "1-0"]
[WhiteElo "2193"]
[BlackElo "1473"]
[Annotator "ChessBase"]
[PlyCount "59"]
[EventDate "2020.01.04"]
[EventType "swiss"]
[EventCountry "UAE"]
[SourceTitle "playchess.com"]
[Source "ChessBase"]
[SourceQuality "1"]
[TimeControl "5400+30"]

1. g3 {[%emt 0:01:06]} d5 {[%emt 0:01:33]} 2. Bg2 {[%emt 0:00:09]} e5 {[%emt 0:01:09]} 3. d3 {[%emt 0:01:49]} Be6 {[%emt 0:02:58]} 4. Nd2 {[%emt 0:02:25]} Nc6 {[%emt 0:04:58]} 5. Ngf3 {[%emt 0:05:55]} f6 {[%emt 0:02:34]} 6. c3 {[%emt 0:01:09]} Qd7 {[%emt 0:01:20]} 7. b4 {[%emt 0:02:25]} Nge7 {[%emt 0:28:16]} 8. b5 {[%emt 0:08:13]} Nd8 {[%emt 0:02:02]} 9. a4 {[%emt 0:00:49]} c6 {[%emt 0:02:59]} 10. bxc6 {[%emt 0:01:17]} Ndxc6 {[%emt 0:00:32]} 11. Nb3 {[%emt 0:10:59]} Ng6 {[%emt 0:01:54]} 12. h4 {[%emt 0:00:34]} h5 {[%emt 0:01:04]} 13. Be3 {[%emt 0:00:47]} Qc8 {[%emt 0:11:33]} 14. a5 {[%emt 0:13:45]} Bd6 {[%emt 0:09:39]} 15. Bc5 {[%emt 0:05:30]} Bc7 {[%emt 0:02:18]} 16. Nfd2 {[%emt 0:02:00]} Nxa5 {[%emt 0:08:28]} 17. Nxa5 {[%emt 0:04:51]} b6 {[%emt 0:01:40]} 18. Nab3 {[%emt 0:16:17]} bxc5 {[%emt 0:01:54]} 19. Nxc5 {[%emt 0:00:02]} Bf7 {[%emt 0:01:16]} 20. Bh3 {[%emt 0:06:18]} Qd8 {[%emt 0:03:06]} 21. Ra6 {[%emt 0:03:22]} Bb6 {[%emt 0:03:02]} 22. Qa4+ {[%emt 0:02:17]} Ke7 {[%emt 0:01:16]} 23. Nb7 {[%emt 0:03:59]} Qc7 {[%emt 0:01:09]} 24. Qa3+ {[%emt 0:01:23]} Ke8 {[%emt 0:00:15]} 25. Nd6+ {[%emt 0:00:31]} Kd8 {[%emt 0:00:57]} 26. Nxf7+ {[%emt 0:00:40]} Ke8 {[%emt 0:01:25]} 27. Nxh8 {[%emt 0:01:15]} Nxh8 {[%emt 0:00:01]} 28. O-O {[%emt 0:00:44]} Bc5 {[%emt 0:02:41]} 29. Qa4+ {[%emt 0:00:21]} Ke7 {[%emt 0:01:53]} 30. Rc6 {[%emt 0:00:19]} 1-0

[Event "10th Sharjah Cup Women 2020"]
[Site "Sharjah"]
[Date "2020.01.07"]
[Round "4.16"]
[White "Babayan, Armine"]
[Black "Fatima, Al Wahabi"]
[Result "1-0"]
[WhiteElo "2186"]
[BlackElo "1386"]
[Annotator "ChessBase"]
[PlyCount "61"]
[EventDate "2020.01.04"]
[EventType "swiss"]
[EventCountry "UAE"]
[SourceTitle "playchess.com"]
[Source "ChessBase"]
[SourceQuality "1"]
[TimeControl "5400+30"]

1. e4 {[%emt 0:01:15]} e5 {[%emt 0:00:00]} 2. Nf3 {[%emt 0:00:08]} Nc6 {[%emt 0:00:00]} 3. Bb5 {[%emt 0:00:06]} a6 {[%emt 0:00:00]} 4. Ba4 {[%emt 0:00:03]} Nf6 {[%emt 0:02:05]} 5. O-O {[%emt 0:00:09]} Be7 {[%emt 0:00:17]} 6. Re1 {[%emt 0:01:17]} b5 {[%emt 0:01:57]} 7. Bb3 {[%emt 0:00:07]} O-O {[%emt 0:00:09]} 8. h3 {[%emt 0:01:02]} d6 {[%emt 0:01:06]} 9. c3 {[%emt 0:00:16]} Na5 {[%emt 0:00:33]} 10. Bc2 {[%emt 0:00:06]} c5 {[%emt 0:00:09]} 11. d4 {[%emt 0:00:06]} Qc7 {[%emt 0:10:41]} 12. Nbd2 {[%emt 0:00:34]} cxd4 {[%emt 0:07:05]} 13. cxd4 {[%emt 0:00:18]} Bd7 {[%emt 0:02:52]} 14. Nf1 {[%emt 0:00:42]} Nc6 {[%emt 0:02:20]} 15. Ne3 {[%emt 0:08:22]} Rac8 {[%emt 0:08:41]} 16. a3 {[%emt 0:17:31]} Rfe8 {[%emt 0:11:08]} 17. Qd3 {[%emt 0:32:33]} Bf8 {[%emt 0:10:18]} 18. Bd2 {[%emt 0:05:43]} exd4 {[%emt 0:19:20]} 19. Nd5 {[%emt 0:02:12]} Nxd5 {[%emt 0:09:52]} 20. exd5 {[%emt 0:00:08]} g6 {[%emt 0:00:15]} 21. dxc6 {[%emt 0:00:21]} Bf5 {[%emt 0:04:06]} 22. Qb3 {[%emt 0:00:39]} Be6 {[%emt 0:04:19]} 23. Qb4 {[%emt 0:01:37]} Qxc6 {[%emt 0:03:36]} 24. Nxd4 Qb7 {[%emt 0:00:35]} 25. Nxe6 {[%emt 0:02:13]} fxe6 {[%emt 0:00:06]} 26. Bb3 {[%emt 0:00:25]} d5 {[%emt 0:00:43]} 27. Qg4 {[%emt 0:00:19]} Qf7 {[%emt 0:00:23]} 28. Re2 {[%emt 0:00:57]} Bc5 {[%emt 0:00:44]} 29. Rae1 {[%emt 0:00:36]} Rf8 {[%emt 0:00:13]} 30. Qg3 {[%emt 0:01:05]} Rce8 {[%emt 0:00:35]} 31. Bh6 {[%emt 0:01:13]} 1-0

[Event "10th Sharjah Cup Women 2020"]
[Site "Sharjah"]
[Date "2020.01.07"]
[Round "4.17"]
[White "Samaganova, Alexandra"]
[Black "Al-Moaamari, Mozah"]
[Result "1-0"]
[WhiteElo "2008"]
[BlackElo "1395"]
[Annotator "NA"]
[PlyCount "90"]
[EventDate "2020.01.04"]
[EventType "swiss"]
[EventCountry "UAE"]
[SourceTitle "playchess.com"]
[Source "ChessBase"]
[SourceQuality "1"]
[TimeControl "5400+30"]

1. c4 e6 2. Nc3 d5 3. e3 Nf6 4. Nf3 b6 5. d4 Bb7 6. Bd3 dxc4 {E14: Queen's Indian: Classical Variation (4 e3)} (6... Bd6 7. O-O dxc4 8. Bxc4 O-O 9. Nb5 Be7 10. b3 Nbd7 11. Bb2 a6 12. Nc3 b5 13. Be2 c5 14. Rc1 Qb6 15. dxc5 Nxc5 {0-1 (35) Cori,J (2686)-Vidit,S (2703) Biel 2019}) 7. Bxc4 Nbd7 8. O-O Be7 9. Re1 Ne4 10. Nxe4 Bxe4 11. Bd2 O-O 12. Bc3 Nf6 $146 ({Predecessor:} 12... Bd6 13. Qe2 Qf6 14. Rad1 Qh6 15. h3 {½-½ (33) Louie,R (1677)-Flitney,A (1959) Queenstown 2012}) 13. Bd3 Bb7 14. Qe2 Nd5 15. Ba6 Bxa6 16. Qxa6 Qc8 17. Qe2 c5 18. Rac1 cxd4 19. Bxd4 Qb7 20. Ne5 Nf6 21. Nc6 Rac8 22. Qf3 Nd5 23. Nxe7+ Qxe7 24. a3 Qd7 25. Qg4 f6 26. e4 Ne7 $14 (26... h5 $11 27. Qf3 Nb4) 27. Bc3 Ng6 28. Rcd1 Qf7 29. Rd6 Rfe8 30. Red1 Qe7 $2 (30... Re7 $14) 31. Rd7 Qf8 32. Bb4 Ne7 33. Qxe6+ Qf7 34. Qg4 h6 35. Rxe7 Rxe7 36. Qxc8+ Re8 37. Qc6 Qg6 38. Qd5+ Kh8 39. f3 Rc8 40. Bc3 h5 41. Qf5 Qe8 42. Rd5 Rc7 43. Qxh5+ Qxh5 44. Rxh5+ Kg8 45. Rd5 Kf7 1-0